000 00506nam a2200205Ia 4500
999 _c18251
_d18251
003 0100
005 20180924113038.0
008 130303s9999 xx 000 0 und d
040 _cARRUPELIB
050 _aB5305.O24 1995
100 _aOchieng'- Odhiambo F
_942496
245 _aAfrican philosophy: an introduction
260 _aNairobi
260 _bConsolata Institute of Philosophy Press
_c2002
300 _aiv
300 _b 110p. 20cm.
440 _aGuide to philosophy series No.5
_942497
942 0 0 _012
_2lcc
_cMONOGRAPH